| 000 | 00809nam a22002537a 4500 | ||
|---|---|---|---|
| 999 |
_c10444 _d10444 |
||
| 003 | AR-CdUCM | ||
| 008 | 190401b ||||| |||| 00| 0 spa d | ||
| 040 |
_aMUNICIPALIDAD PROVINCIAL DEL CUSCO _cBIBLIOTECA MUNICIPAL DEL CUSCO |
||
| 041 | _hfre | ||
| 082 |
_a194 / _bD51 |
||
| 100 |
_aDebricon, L. _927299 |
||
| 245 | _aDescartes / | ||
| 260 |
_aParís : _bLouis-Michaud. |
||
| 300 |
_a221 páginas ; _bilustraciones, retratos, _c18 cm. |
||
| 500 | _aA este libro le hace falta las páginas 7-10. | ||
| 505 | _aContenido: Descartes su vida y sus escritos -- Su filosofía. | ||
| 650 |
_aFilosofía _9395 |
||
| 650 |
_aFrancia _91444 |
||
| 650 |
_aBiografía _922 |
||
| 700 |
_aGonzales, Anselmo (traducción) _927300 |
||
| 700 |
_aLabescat (prefacio) _927301 |
||
| 942 |
_2ddc _cLIBROS |
||
| 945 | _aachl | ||